Chapman Library

COMPANY Law in Ghana (Record no. 1794)

000 -LEADER
fixed length control field 00271nam a22001217a 4500
050 ## - LIBRARY OF CONGRESS CALL NUMBER
Classification number KD2079
100 ## - MAIN ENTRY--AUTHOR NAME
Personal name BONDZI- SIMPSON, Philip
245 ## - TITLE STATEMENT
Title COMPANY Law in Ghana
260 ## - PUBLICATION, DISTRIBUTION, ETC. (IMPRINT)
Place of publication Accra
Name of publisher AVANT Association ltd
Year of publication 2009
300 ## - PHYSICAL DESCRIPTION
Number of Pages 320p
942 ## - ADDED ENTRY ELEMENTS (KOHA)
Koha item type Books
988 ## - PAGINATION/EXTENT
PAGINATION/EXTENT xvii,320p.
Holdings
Koha item type Collection code Accession Number Permanent Location Current Location Date acquired Full call number
BooksReference2724Chapman LibraryChapman Library2017-02-10KD 2079bon
BooksReference2725Chapman LibraryChapman Library2017-02-10KD 2079bon
BooksReference2726Chapman LibraryChapman Library2017-02-10KD 2079bon


CSUC Chapman Library is a Koha Automated Library.


Contact us: library@csuc.edu.gh.